| 000 | 00618nam a22001937a 4500 | ||
|---|---|---|---|
| 999 |
_c165741 _d165741 |
||
| 005 | 20230125115830.0 | ||
| 010 | _aUR-10268 | ||
| 020 |
_a9789388356329 _c270.00 |
||
| 035 | _aU-8823 | ||
| 037 | _bDBAD/PUB | ||
| 082 | _aن | ||
| 100 | _aنو ر ا لحسنين | ||
| 245 |
_aتلک الا يا م / _cنو ر ا لحسنين |
||
| 246 |
_bTilak Ayyam(Urdu) / _aby Noor-ul-Hasnain |
||
| 260 |
_a Delhi _bEducational Publishing House _c2018 ء |
||
| 270 |
_a3191،Vakil Street,Kucha Pandit,Lal Kuan, _bDelhi _e110006 _k23216162 _l00911123211540 |
||
| 300 |
_a296ص _c22cm(Hb) |
||
| 942 |
_2ddc _cUR _hن _mن و ر |
||